• 首页
  • 本馆介绍
  • 公告通知
  • 最新文献
  • 馆藏检索
  • 电子资源
  • 读者导购
  • 参考咨询
  • 我的图书馆
  • 登录
  • 详细信息显示
  • 放入我的书架
  • 预约/预借图书
  • 作者相关作品
  • 分类相关作品
  • 丛书相关作品
  • 出版社相关作品

书目信息

  • 表格格式
  • 工作单格式
  • 卡片格式
题名:
基础化学动力学
    
 
作者: 艾林 , Eyring 著 ;王作新 , 潘强余 译
分册:  
出版信息: 北京   科学出版社  1984
页数: 494页
开本: 19cm
丛书名:
单 册:
中图分类: O643.1
科图分类:
主题词: 反应动力学
电子资源:
ISBN:
000 00857nam0 2200301 45
001 0184002094
005 20040520093353.8
010    @dCNY2.90
091    @a13031.2516
100    @a19950602d1984 em y0chiy0121 ea
101 1  @achi@ceng
102    @aCN@b110000
105    @ay z000yy
106    @ar
200 10 @a基础化学动力学@Aji chu hua xue dong li xue@f(美)艾林(H.Eyring)著@g王作新,潘强余译
210    @a北京@c科学出版社@d1984
215    @a494页@d19cm
300    @a书名原文:Basic Chemical Kinetics
510 1  @aBasic Chemical Kinetics@zeng
606    @a反应动力学
690    @aO643.1@v3
701  1 @a艾林@Aai lin@bH.@4著
701 A1 @aEyring@bH.@4著
702  0 @a王作新@Awang zuo xin@4译
702  0 @a潘强余@Apan qiang yu@4译
801  0 @aCN@b上海图书馆@c20040520
801  2 @aCN@bNLC@c20040520
905    @f1@b104459@dO643.1@e16
    
    基础化学动力学/(美)艾林(H.Eyring)著/王作新,潘强余译.-北京:科学出版社,1984
    494页;19cm
    书名原文:Basic Chemical Kinetics
    
    ISBN :CNY2.90
    
●
相关链接 在E读中查询图书 在五车中查询图书 在当当中查询图书 在豆瓣中查询图书


正题名:基础化学动力学     索取号:O643.1/16         预约/预借

序号 登录号 条形码 馆藏地/架位号 状态 备注
1 0104459   000342365   第三借阅区/ [索取号:O643.1/16] 在馆    
2 0104460   202105596   第二样本阅览室/ [索取号:O643.1/16] 在馆    
欢迎您!
大连网信软件有限公司© 版权所有